000 00450nam a2200157Ia 4500
999 _c18904
_d18904
003 OSt
005 20231211115753.0
008 190216s9999||||xx |||||||||||||| ||und||
040 _coclc
082 _a954.83
_bMEN/S
100 1 _aSreedhara Menon, A.
_910096
245 0 _aSurvey Of Kerala History /
_cA Sreedhara Menon
260 _bS Vishwanathan,
_c2003.
300 _a466p
942 _cBK
_2ddc
_h954.83
_iMEN/S
_k954.83
_mMEN/S